Представление документа в формате RUSMARC

ПолеНазваниеЗначение
  Тип записи a
  Библиографический уровень a
001 Контрольный номер RU/CBS_Ul/BASE/484758870
005 Дата корректировки 20240209175147.9
100 Данные общей обработки __
a Данные общей обработки 20150512d2015 ||| 0rusy0189 ca
101 Язык документа 0_
a Язык текста rus
102 Страна публикации __
a Страна публикации RU
105 Кодированные данные (монография) __
a Кодированные данные (монография) y###||||000|y
200 Заглавие и сведения об ответственности 1_
a Заглавие Золотой гол Виктора Понедельника
b Общее обозначение материала Текст
e Сведения, относящиеся к заглавию [о знаменитом советском футболисте Викторе Понедельнике]
f Первые сведения об ответственности В. Евсеев
300 Общие примечания __
a Общие примечания Ограничения по возрасту - 12+
461 Уровень набора _0
1 2000
a Бумеранг
463 Уровень физической единицы _0
1 001RU/CBS_Ul/BASE/477412192
1 2000
a № 2
v С. 27-28 : фото
1 210
d 2015
600 Персоналии _0
a Персоналии (Фамилия) Понедельник
b Персоналии (Имя, инициалы) В.
606 Тематические рубрики 0_
a Основная рубрика Футболисты - СССР
606 Тематические рубрики 0_
a Основная рубрика Понедельник, Виктор Владимирович (1937)
610 Ключевые слова 0_
a Ключевые слова футбол
a Ключевые слова голы
a Ключевые слова матчи
a Ключевые слова нападающие
a Ключевые слова футболисты
686 Индексы других классификаций __
a Классификационный индекс 75.578
2 Код системы ББК
700 Автор _1
a Фамилия Евсеев
b Имя (инициалы) В.
g Полное личное имя Валентин
801 Источник записи _0
a Страна RU
b Организация МБУК ЦБС г. Ульяновска
c Дата составления 20150512
g Правила каталогизации RCR
801 Источник записи _1
a Страна RU
b Организация МБУК ЦБС г. Ульяновска
c Дата составления 20150512
g Правила каталогизации RCR
901 Тип документа __
t Тип документа b
w Контрольный № источника RU/CBS_Ul/BASE/477412192
910 Корректоры записи __
a Корректор записи Библиотека 29
938 Служебная информация __
a Имя БД period